Elektrochemické štúdium histónu na amalgámovej elektróde bakalárska práca

Gespeichert in:
Bibliographische Detailangaben
1. Verfasser: Dunajová, Martina
Format: Buch
Sprache:Slowakisch
Veröffentlicht: Bratislava STU FCHPT 2018
Online-Zugang:Im OPAC anzeigen
Tags: Tag hinzufügen
Keine Tags, Fügen Sie das erste Tag hinzu!

MARC

LEADER 00000nam a2200000 a 4500
005 20260127133956.0
008 181015 2018 xo a 001 0 slo d
035 |a vtls011784952 
039 9 |y 201810150928  |z mschk03 
040 |a STUSCHK1  |b slo  |c STUSCHK1  |e AACR2 
100 1 |a Dunajová, Martina 
245 1 |a Elektrochemické štúdium histónu na amalgámovej elektróde  |b bakalárska práca  |c Martina Dunajová 
260 |a Bratislava  |b STU FCHPT  |c 2018 
300 |a 47 s.  |b il.  |c 25 cm 
500 |a Študijný program: chémia, medicínska chémia a chemické materiály 
500 |a Študijný odbor: chemické technológie, chémia 
500 |a Školiace pracovisko: Oddelenie anorganickej technológie 
500 |a Evid. číslo: FCHPT-13569-81909 
910 |a SCHK95 
999 |c 1275  |d 1275